000 00241nam a2200109Ia 4500
999 _c7653
_d7653
020 _a978-0072326000
100 _aFeldman,Robert S.
245 0 _aUnderstanding Psychology
260 _aNew york
_bEducation
_c1999
300 _a773
942 _cBK